| 000 | 00859cam a22001934a 4500 | ||
|---|---|---|---|
| 005 | 20250605164404.0 | ||
| 008 | 250528s ||||||||||||||||||||||||d | ||
| 035 | _a24752 | ||
| 040 |
_aGR-AtMCL _bgre _dGR-AtMCL _eAACR2 |
||
| 245 | 1 | _a100 Πρόσωπα Μιλάνε για τα 100 Τεύχη | |
| 260 | _c2022 | ||
| 300 | _a136 | ||
| 520 | _aPrivate Security ως Στοιχείο Εθνικής Ασφαλείας, Υπεύθυνος Ασφάλειας και Κουλτούρα Ασφάλειας, Συνθήκες Αξιόπιστης Διερεύνησης Συμβάντων, Βελτιώνοντας την Αστική Εμπειρία με Συστήματα Επιτήρησης. | ||
| 700 | 1 |
_aΑμανατίδης Βλάσης _99485 |
|
| 700 | 1 |
_aΝόστης Κώστας _99486 |
|
| 942 | _cCR | ||
| 999 |
_c9607 _d9607 |
||